[Event "N1 Reykjavik Open 2014"]
[Site "Reykjavik, Iceland"]
[Date "2014.03.12"]
[Round "10.7"]
[White "Panjwani, Raja"]
[Black "Amin, Bassem"]
[Result "1-0"]
[WhiteElo "2460"]
[BlackElo "2657"]
[LiveChessVersion "1.4.2"]

1. Nf3 
    {[%clk 1:30:55]}
1. ... d6 
    {[%clk 1:28:24]}
2. d4 
    {[%clk 1:30:29]}
2. ... Nf6 
    {[%clk 1:26:37]}
3. c4 
    {[%clk 1:30:00]}
3. ... g6 
    {[%clk 1:26:48]}
4. Nc3 
    {[%clk 1:29:29]}
4. ... Bf5 
    {[%clk 1:27:07]}
5. h3 
    {[%clk 1:28:51]}
5. ... h5 
    {[%clk 1:17:06]}
6. Ng5 
    {[%clk 1:28:49]}
6. ... Bh6 
    {[%clk 1:16:59]}
7. d5 
    {[%clk 1:02:51]}
7. ... c5 
    {[%clk 1:11:14]}
8. e4 
    {[%clk 1:02:10]}
8. ... Bxg5 
    {[%clk 1:02:46]}
9. Bxg5 
    {[%clk 1:02:27]}
9. ... Nxe4 
    {[%clk 1:02:56]}
10. Nxe4 
    {[%clk 1:02:38]}
10. ... Bxe4 
    {[%clk 1:03:24]}
11. Qe2 
    {[%clk 1:02:43]}
11. ... Bf5 
    {[%clk 1:03:40]}
12. Bf6 
    {[%clk 0:58:29]}
12. ... Rh7 
    {[%clk 1:02:25]}
13. O-O-O 
    {[%clk 0:54:20]}
13. ... Kf8 
    {[%clk 1:01:37]}
14. Bh4 
    {[%clk 0:52:28]}
14. ... Nd7 
    {[%clk 0:51:35]}
15. Qe3 
    {[%clk 0:37:12]}
15. ... f6 
    {[%clk 0:50:21]}
16. Be2 
    {[%clk 0:22:52]}
16. ... g5 
    {[%clk 0:41:05]}
17. g4 
    {[%clk 0:21:39]}
17. ... Bg6 
    {[%clk 0:38:49]}
18. Bg3 
    {[%clk 0:18:06]}
18. ... Qa5 
    {[%clk 0:37:41]}
19. Bd3 
    {[%clk 0:16:22]}
19. ... Bxd3 
    {[%clk 0:35:05]}
20. Qxd3 
    {[%clk 0:16:43]}
20. ... Kg7 
    {[%clk 0:34:42]}
21. h4 
    {[%clk 0:12:23]}
21. ... hxg4 
    {[%clk 0:29:17]}
22. Qf5 
    {[%clk 0:09:02]}
22. ... Ne5 
    {[%clk 0:00:47]}
23. hxg5 
    {[%clk 0:07:56]}
23. ... Rxh1 
    {[%clk 0:01:16]}
24. Rxh1 
    {[%clk 0:08:03]}
24. ... Rh8 
    {[%clk 0:01:44]}
25. gxf6+ 
    {[%clk 0:08:26]}
25. ... exf6 
    {[%clk 0:02:13]}
26. Rg1 
    {[%clk 0:08:46]}
26. ... Nf7 
    {[%clk 0:00:39]}
27. Qxg4+ 
    {[%clk 0:08:24]}
27. ... Kf8 
    {[%clk 0:00:58]}
28. Bxd6+ 
    {[%clk 0:08:34]}
1-0

[Event "N1 Reykjavik Open 2014"]
[Site "Reykjavik, Iceland"]
[Date "2014.03.12"]
[Round "10.8"]
[White "Stefansson, Hannes"]
[Black "Bekker-Jensen, Simon"]
[Result "1-0"]
[WhiteElo "2541"]
[BlackElo "2418"]
[EventDate "2014.??.??"]
[Annotator "peturla"]
[PlyCount "130"]
[TimeControl "6000+870"]
[WhiteClock "0:07:52"]
[BlackClock "0:01:06"]

1. d4 Nf6 2. c4 g6 3. g3 Bg7 4. Bg2 O-O 5. Nc3 d6 6. Nf3 c6 7. O-O Qa5 8. 
e4 e5 9. h3 Nbd7 10. Re1 exd4 11. Nxd4 Ne5 12. Bf1 Re8 13. Be3 c5 14. Nb3 
Qb4 15. a3 Qb6 16. Nd2 Nc6 17. b4 Ng4 18. hxg4 Bxc3 19. Rb1 Qc7 20. b5 Ne5
21. Be2 Be6 22. f4 Bxd2 23. Bxd2 Nxc4 24. Bc3 Ne3 25. Qd3 Nxg4 26. f5 Bxf5
27. exf5 Re3 28. Qd2 Rxg3+ 29. Kf1 Ne3+ 30. Kf2 Nxf5 31. Bf3 c4 32. Rbd1 
Qc5+ 33. Bd4 Qxb5 34. Re4 Rh3 35. Kg2 Rg3+ 36. Kf2 Rh3 37. Kg2 Rh4 38. Bf6
Rxe4 39. Bxe4 Re8 40. Rb1 Qc5 41. Rxb7 Ne3+ 42. Kf3 Nf1 43. Qc1 Qg1 44. 
Qf4 Nh2+ 45. Ke2 Rxe4+ 46. Qxe4 Qf1+ 47. Kd2 Qxf6 48. Kc2 Nf3 49. Qxc4 Ne5
50. Qd4 a5 51. Rb6 Qf5+ 52. Kb3 Qb1+ 53. Ka4 Qc2+ 54. Kb5 Qb3+ 55. Ka6 
Qc4+ 56. Qxc4 Nxc4 57. Rb3 Kg7 58. Kb5 d5 59. Kc5 Kf6 60. Kxd5 Nxa3 61. 
Rxa3 Kf5 62. Rf3+ Kg4 63. Rxf7 h5 64. Ke4 g5 65. Rg7 h4 1-0

[Event "N1 Reykjavik Open 2014"]
[Site "Reykjavik, Iceland"]
[Date "2014.03.12"]
[Round "10.9"]
[White "Abrahamyan, Tatev"]
[Black "Danielsen, Henrik"]
[Result "1/2-1/2"]
[WhiteElo "2376"]
[BlackElo "2501"]
[LiveChessVersion "1.4.2"]

1. e4 
    {[%clk 1:30:57]}
1. ... g6 
    {[%clk 1:30:14]}
2. d4 
    {[%clk 1:31:04]}
2. ... Bg7 
    {[%clk 1:29:55]}
3. Nc3 
    {[%clk 1:31:07]}
3. ... d6 
    {[%clk 1:30:10]}
4. f4 
    {[%clk 1:31:06]}
4. ... a6 
    {[%clk 1:28:40]}
5. Nf3 
    {[%clk 1:28:25]}
5. ... b5 
    {[%clk 1:20:58]}
6. Bd3 
    {[%clk 1:27:11]}
6. ... Nd7 
    {[%clk 1:19:56]}
7. e5 
    {[%clk 1:22:49]}
7. ... Nh6 
    {[%clk 1:12:23]}
8. h4 
    {[%clk 1:13:36]}
8. ... c5 
    {[%clk 1:09:58]}
9. Be4 
    {[%clk 1:08:23]}
9. ... Rb8 
    {[%clk 1:08:18]}
10. h5 
    {[%clk 1:06:42]}
10. ... cxd4 
    {[%clk 0:52:49]}
11. Nxd4 
    {[%clk 1:04:42]}
11. ... dxe5 
    {[%clk 0:53:10]}
12. Nc6 
    {[%clk 1:02:57]}
12. ... Qc7 
    {[%clk 0:53:06]}
13. Nxb8 
    {[%clk 0:57:57]}
13. ... Qxb8 
    {[%clk 0:52:56]}
14. hxg6 
    {[%clk 0:53:44]}
14. ... hxg6 
    {[%clk 0:50:54]}
15. Qf3 
    {[%clk 0:49:25]}
15. ... f5 
    {[%clk 0:34:58]}
16. Bd5 
    {[%clk 0:44:28]}
16. ... e4 
    {[%clk 0:31:59]}
17. Qg3 
    {[%clk 0:41:21]}
17. ... Qd6 
    {[%clk 0:29:29]}
18. Bb3 
    {[%clk 0:40:01]}
18. ... Nc5 
    {[%clk 0:28:02]}
19. Be3 
    {[%clk 0:34:23]}
19. ... Nxb3 
    {[%clk 0:26:50]}
20. axb3 
    {[%clk 0:31:36]}
20. ... Ng4 
    {[%clk 0:24:10]}
21. Rxh8+ 
    {[%clk 0:30:01]}
21. ... Bxh8 
    {[%clk 0:24:39]}
22. Qh3 
    {[%clk 0:28:44]}
22. ... Bd4 
    {[%clk 0:23:30]}
23. Bxd4 
    {[%clk 0:17:26]}
23. ... Qxd4 
    {[%clk 0:23:51]}
24. Ne2 
    {[%clk 0:16:51]}
24. ... Qf2+ 
    {[%clk 0:20:08]}
25. Kd2 
    {[%clk 0:16:09]}
25. ... e3+ 
    {[%clk 0:19:22]}
26. Kd3 
    {[%clk 0:16:06]}
26. ... Bb7 
    {[%clk 0:18:18]}
27. Qh8+ 
    {[%clk 0:07:49]}
27. ... Kf7 
    {[%clk 0:16:54]}
28. Qh7+ 
    {[%clk 0:06:42]}
28. ... Kf6 
    {[%clk 0:15:56]}
29. Qh8+ 
    {[%clk 0:06:20]}
29. ... Kf7 
    {[%clk 0:13:18]}
30. Qh7+ 
    {[%clk 0:05:50]}
30. ... Kf6 
    {[%clk 0:13:38]}
31. Qh8+ 
    {[%clk 0:05:15]}
31. ... Kf7 
    {[%clk 0:14:00]}
32. Qh7+ 1/2-1/2

[Event "N1 Reykjavik Open 2014"]
[Site "Reykjavik, Iceland"]
[Date "2014.03.12"]
[Round "10.10"]
[White "Berkes, Ferenc"]
[Black "L'Ami, Alina"]
[Result "1-0"]
[WhiteElo "2687"]
[BlackElo "2398"]
[LiveChessVersion "1.4.2"]

1. d4 
    {[%clk 1:30:53]}
1. ... Nf6 
    {[%clk 1:25:33]}
2. c4 
    {[%clk 1:31:16]}
2. ... g6 
    {[%clk 1:25:53]}
3. Nc3 
    {[%clk 1:31:38]}
3. ... Bg7 
    {[%clk 1:26:17]}
4. e4 
    {[%clk 1:32:02]}
4. ... d6 
    {[%clk 1:26:45]}
5. Nf3 
    {[%clk 1:32:26]}
5. ... O-O 
    {[%clk 1:27:09]}
6. Be2 
    {[%clk 1:32:53]}
6. ... e5 
    {[%clk 1:27:28]}
7. O-O 
    {[%clk 1:33:15]}
7. ... Nc6 
    {[%clk 1:27:55]}
8. d5 
    {[%clk 1:33:40]}
8. ... Ne7 
    {[%clk 1:28:20]}
9. b4 
    {[%clk 1:34:05]}
9. ... Nh5 
    {[%clk 1:28:45]}
10. c5 
    {[%clk 1:34:30]}
10. ... Nf4 
    {[%clk 1:27:08]}
11. a4 
    {[%clk 1:34:51]}
11. ... f5 
    {[%clk 1:25:21]}
12. Bc4 
    {[%clk 1:34:56]}
12. ... fxe4 
    {[%clk 1:23:56]}
13. Nxe4 
    {[%clk 1:35:18]}
13. ... Bg4 
    {[%clk 1:11:02]}
14. Ra3 
    {[%clk 1:35:37]}
14. ... Kh8 
    {[%clk 0:53:00]}
15. h3 
    {[%clk 1:29:09]}
15. ... Bf5 
    {[%clk 0:49:35]}
16. Neg5 
    {[%clk 1:23:59]}
16. ... dxc5 
    {[%clk 0:38:49]}
17. Nxe5 
    {[%clk 1:07:23]}
17. ... Bxe5 
    {[%clk 0:26:27]}
18. Bxf4 
    {[%clk 1:07:42]}
18. ... Bf6 
    {[%clk 0:19:56]}
19. bxc5 
    {[%clk 1:06:33]}
19. ... Nxd5 
    {[%clk 0:19:04]}
20. Qxd5 
    {[%clk 1:06:48]}
20. ... Bxg5 
    {[%clk 0:19:13]}
21. Bxg5 
    {[%clk 0:58:29]}
21. ... Qxg5 
    {[%clk 0:19:40]}
22. g4 
    {[%clk 0:56:54]}
22. ... Qf4 
    {[%clk 0:12:46]}
23. Rf3 
    {[%clk 0:53:19]}
23. ... c6 
    {[%clk 0:12:33]}
24. Qg8+ 
    {[%clk 0:52:50]}
24. ... Rxg8 
    {[%clk 0:11:26]}
25. Rxf4 
    {[%clk 0:53:13]}
25. ... Bc2 
    {[%clk 0:11:21]}
26. Rc1 
    {[%clk 0:51:11]}
26. ... g5 
    {[%clk 0:11:17]}
27. Rd4 
    {[%clk 0:51:30]}
27. ... Bg6 
    {[%clk 0:11:34]}
28. Bxg8 
    {[%clk 0:51:53]}
28. ... Kxg8 
    {[%clk 0:12:03]}
29. a5 
    {[%clk 0:51:32]}
29. ... Rb8 
    {[%clk 0:06:27]}
30. Rd7 
    {[%clk 0:51:07]}
30. ... Be4 
    {[%clk 0:03:41]}
31. Re1 
    {[%clk 0:50:50]}
1-0

[Event "N1 Reykjavik Open 2014"]
[Site "Reykjavik, Iceland"]
[Date "2014.03.12"]
[Round "10.11"]
[White "Jones, Gawain C B"]
[Black "Kjartansson, Gudmundur"]
[Result "1-0"]
[WhiteElo "2651"]
[BlackElo "2441"]
[LiveChessVersion "1.4.2"]

1. e4 
    {[%clk 1:30:24]}
1. ... d6 
    {[%clk 1:30:44]}
2. d4 
    {[%clk 1:30:49]}
2. ... Nf6 
    {[%clk 1:31:11]}
3. Nc3 
    {[%clk 1:31:15]}
3. ... g6 
    {[%clk 1:31:38]}
4. Bg5 
    {[%clk 1:31:41]}
4. ... c6 
    {[%clk 1:31:50]}
5. Qd2 
    {[%clk 1:31:48]}
5. ... b5 
    {[%clk 1:31:53]}
6. Bxf6 
    {[%clk 1:30:57]}
6. ... exf6 
    {[%clk 1:32:17]}
7. Bd3 
    {[%clk 1:31:23]}
7. ... a5 
    {[%clk 1:22:21]}
8. Nge2 
    {[%clk 1:29:19]}
8. ... b4 
    {[%clk 1:15:07]}
9. Nd1 
    {[%clk 1:29:28]}
9. ... Ba6 
    {[%clk 1:14:35]}
10. Ne3 
    {[%clk 1:27:25]}
10. ... Bh6 
    {[%clk 1:12:15]}
11. h4 
    {[%clk 1:26:55]}
11. ... d5 
    {[%clk 1:10:15]}
12. exd5 
    {[%clk 1:26:02]}
12. ... cxd5 
    {[%clk 1:09:44]}
13. h5 
    {[%clk 1:25:41]}
13. ... f5 
    {[%clk 1:06:18]}
14. hxg6 
    {[%clk 1:22:02]}
14. ... hxg6 
    {[%clk 1:06:10]}
15. O-O-O 
    {[%clk 1:21:45]}
15. ... Kf8 
    {[%clk 1:04:30]}
16. Kb1 
    {[%clk 1:18:54]}
16. ... Kg8 
    {[%clk 0:50:26]}
17. Rh3 
    {[%clk 1:12:46]}
17. ... Bc8 
    {[%clk 0:26:25]}
18. Rdh1 
    {[%clk 1:10:28]}
18. ... Bg7 
    {[%clk 0:26:16]}
19. Rxh8+ 
    {[%clk 1:09:55]}
19. ... Bxh8 
    {[%clk 0:26:41]}
20. Nf4 
    {[%clk 1:09:37]}
20. ... Ra7 
    {[%clk 0:19:14]}
21. Nexd5 
    {[%clk 1:05:25]}
21. ... g5 
    {[%clk 0:11:05]}
22. Qe3 
    {[%clk 0:57:26]}
22. ... Bg7 
    {[%clk 0:02:21]}
23. Qh3 
    {[%clk 0:56:53]}
23. ... Qd6 
    {[%clk 0:01:22]}
24. Qh7+ 
    {[%clk 0:53:53]}
24. ... Kf8 
    {[%clk 0:01:52]}
25. Nh5 
    {[%clk 0:54:11]}
25. ... Bxd4 
    {[%clk 0:01:56]}
26. Nhf6 
    {[%clk 0:54:16]}
26. ... Bxf6 
    {[%clk 0:02:09]}
27. Qh6+ 
    {[%clk 0:54:39]}
1-0

[Event "N1 Reykjavik Open 2014"]
[Site "Reykjavik, Iceland"]
[Date "2014.03.12"]
[Round "10.12"]
[White "Kobalia, Mikhail"]
[Black "Thorhallsson, Throstur"]
[Result "1/2-1/2"]
[WhiteElo "2646"]
[BlackElo "2435"]
[LiveChessVersion "1.4.2"]

1. c4 
    {[%clk 1:30:56]}
1. ... e6 
    {[%clk 1:25:34]}
2. Nf3 
    {[%clk 1:30:54]}
2. ... d5 
    {[%clk 1:25:37]}
3. g3 
    {[%clk 1:31:13]}
3. ... Nf6 
    {[%clk 1:25:36]}
4. Bg2 
    {[%clk 1:31:38]}
4. ... Be7 
    {[%clk 1:25:37]}
5. O-O 
    {[%clk 1:32:03]}
5. ... O-O 
    {[%clk 1:25:16]}
6. b3 
    {[%clk 1:32:27]}
6. ... c5 
    {[%clk 1:24:36]}
7. Bb2 
    {[%clk 1:32:25]}
7. ... Nc6 
    {[%clk 1:24:35]}
8. e3 
    {[%clk 1:32:24]}
8. ... b6 
    {[%clk 1:22:20]}
9. Nc3 
    {[%clk 1:32:21]}
9. ... Bb7 
    {[%clk 1:17:32]}
10. cxd5 
    {[%clk 1:32:33]}
10. ... Nxd5 
    {[%clk 1:17:20]}
11. Nxd5 
    {[%clk 1:32:56]}
11. ... exd5 
    {[%clk 1:15:29]}
12. d4 
    {[%clk 1:32:16]}
12. ... Rc8 
    {[%clk 1:13:44]}
13. Qd2 
    {[%clk 1:28:48]}
13. ... Qd7 
    {[%clk 1:10:10]}
14. Rac1 
    {[%clk 1:26:59]}
14. ... Rfd8 
    {[%clk 1:07:41]}
15. Rfd1 
    {[%clk 1:26:14]}
15. ... Qe6 
    {[%clk 1:03:00]}
16. h4 
    {[%clk 1:24:28]}
16. ... h6 
    {[%clk 0:59:51]}
17. Kh2 
    {[%clk 1:24:49]}
17. ... Rc7 
    {[%clk 0:51:35]}
18. Ne1 
    {[%clk 1:06:23]}
18. ... cxd4 
    {[%clk 0:41:20]}
19. Bxd4 
    {[%clk 1:00:10]}
19. ... Qd6 
    {[%clk 0:36:04]}
20. Qc3 
    {[%clk 0:55:15]}
20. ... Rdc8 
    {[%clk 0:28:13]}
21. Nd3 
    {[%clk 0:54:19]}
21. ... Nxd4 
    {[%clk 0:21:00]}
22. Qxd4 
    {[%clk 0:54:44]}
22. ... Bf6 
    {[%clk 0:19:48]}
23. Qa4 
    {[%clk 0:53:50]}
23. ... Rxc1 
    {[%clk 0:15:07]}
24. Rxc1 
    {[%clk 0:48:44]}
24. ... Rxc1 
    {[%clk 0:15:05]}
25. Nxc1 
    {[%clk 0:49:11]}
25. ... a5 
    {[%clk 0:07:53]}
26. Ne2 
    {[%clk 0:49:39]}
26. ... Bc6 
    {[%clk 0:07:46]}
27. Qg4 
    {[%clk 0:42:39]}
27. ... Bd7 
    {[%clk 0:07:19]}
28. Qh5 
    {[%clk 0:43:07]}
28. ... Be6 
    {[%clk 0:03:21]}
29. Nf4 
    {[%clk 0:41:31]}
29. ... d4 
    {[%clk 0:02:57]}
30. Nxe6 
    {[%clk 0:41:43]}
30. ... Qxe6 
    {[%clk 0:02:48]}
31. Bd5 
    {[%clk 0:42:11]}
31. ... Qe7 
    {[%clk 0:01:58]}
32. e4 
    {[%clk 0:42:37]}
32. ... d3 
    {[%clk 0:01:49]}
33. Qd1 
    {[%clk 0:35:31]}
33. ... Qc5 
    {[%clk 0:01:16]}
34. Kg2 
    {[%clk 0:35:59]}
34. ... Qc2 
    {[%clk 0:01:19]}
35. Qh5 
    {[%clk 0:36:03]}
35. ... Qc7 
    {[%clk 0:01:37]}
36. f4 
    {[%clk 0:36:06]}
36. ... Bb2 
    {[%clk 0:01:03]}
37. e5 
    {[%clk 0:34:25]}
37. ... Kf8 
    {[%clk 0:01:07]}
38. Qf5 
    {[%clk 0:20:41]}
38. ... d2 
    {[%clk 0:01:16]}
39. Qd3 
    {[%clk 0:21:09]}
39. ... Qc3 
    {[%clk 0:01:04]}
40. Qf5 
    {[%clk 0:49:05]}
40. ... Qc7 
    {[%clk 0:31:19]}
41. Bf3 
    {[%clk 0:48:52]}
41. ... Qd8 
    {[%clk 0:28:40]}
42. Qc2 
    {[%clk 0:47:30]}
42. ... Ba3 
    {[%clk 0:28:32]}
43. Qd1 
    {[%clk 0:41:21]}
1/2-1/2

[Event "N1 Reykjavik Open 2014"]
[Site "Reykjavik, Iceland"]
[Date "2014.03.12"]
[Round "10.13"]
[White "Ezat, Mohamed"]
[Black "Grandelius, Nils"]
[Result "0-1"]
[WhiteElo "2439"]
[BlackElo "2600"]
[LiveChessVersion "1.4.2"]

1. d4 
    {[%clk 1:30:47]}
1. ... Nf6 
    {[%clk 1:30:53]}
2. Nf3 
    {[%clk 1:25:06]}
2. ... d5 
    {[%clk 1:30:31]}
3. c4 
    {[%clk 1:25:20]}
3. ... e6 
    {[%clk 1:30:55]}
4. g3 
    {[%clk 1:25:43]}
4. ... Bb4+ 
    {[%clk 1:28:43]}
5. Bd2 
    {[%clk 1:26:03]}
5. ... Be7 
    {[%clk 1:29:08]}
6. Bg2 
    {[%clk 1:26:25]}
6. ... O-O 
    {[%clk 1:29:32]}
7. O-O 
    {[%clk 1:26:37]}
7. ... c6 
    {[%clk 1:29:53]}
8. Qc2 
    {[%clk 1:27:01]}
8. ... Nbd7 
    {[%clk 1:30:12]}
9. Bf4 
    {[%clk 1:25:41]}
9. ... b6 
    {[%clk 1:29:30]}
10. Nbd2 
    {[%clk 1:24:08]}
10. ... Nh5 
    {[%clk 1:27:22]}
11. Be3 
    {[%clk 1:21:24]}
11. ... Bb7 
    {[%clk 1:25:39]}
12. cxd5 
    {[%clk 1:21:46]}
12. ... exd5 
    {[%clk 1:18:20]}
13. Qf5 
    {[%clk 1:20:36]}
13. ... Nhf6 
    {[%clk 1:10:46]}
14. Bf4 
    {[%clk 1:19:01]}
14. ... Re8 
    {[%clk 1:10:04]}
15. Rac1 
    {[%clk 1:05:18]}
15. ... c5 
    {[%clk 1:02:28]}
16. Rfd1 
    {[%clk 1:05:03]}
16. ... Nf8 
    {[%clk 0:57:08]}
17. b3 
    {[%clk 0:44:09]}
17. ... Ne6 
    {[%clk 0:55:26]}
18. Be5 
    {[%clk 0:42:33]}
18. ... Nd7 
    {[%clk 0:48:14]}
19. dxc5 
    {[%clk 0:35:12]}
19. ... g6 
    {[%clk 0:47:40]}
20. Qb1 
    {[%clk 0:33:21]}
20. ... Nxe5 
    {[%clk 0:43:22]}
21. Nxe5 
    {[%clk 0:33:46]}
21. ... bxc5 
    {[%clk 0:43:20]}
22. e3 
    {[%clk 0:30:04]}
22. ... Qb6 
    {[%clk 0:40:57]}
23. h4 
    {[%clk 0:27:39]}
23. ... Rad8 
    {[%clk 0:40:27]}
24. Ng4 
    {[%clk 0:24:49]}
24. ... h5 
    {[%clk 0:35:25]}
25. Ne5 
    {[%clk 0:24:52]}
25. ... Bf6 
    {[%clk 0:34:59]}
26. Nef3 
    {[%clk 0:23:08]}
26. ... Kg7 
    {[%clk 0:33:55]}
27. Kh2 
    {[%clk 0:23:28]}
27. ... a5 
    {[%clk 0:29:02]}
28. Bf1 
    {[%clk 0:19:09]}
28. ... Qa7 
    {[%clk 0:28:02]}
29. Kg1 
    {[%clk 0:16:58]}
29. ... Re7 
    {[%clk 0:25:34]}
30. Re1 
    {[%clk 0:15:52]}
30. ... a4 
    {[%clk 0:21:09]}
31. bxa4 
    {[%clk 0:09:45]}
31. ... c4 
    {[%clk 0:19:10]}
32. e4 
    {[%clk 0:09:07]}
32. ... dxe4 
    {[%clk 0:18:04]}
33. Nxe4 
    {[%clk 0:09:26]}
33. ... Nd4 
    {[%clk 0:18:07]}
34. Nfd2 
    {[%clk 0:06:15]}
34. ... Bxe4 
    {[%clk 0:17:50]}
35. Rxe4 
    {[%clk 0:06:13]}
35. ... Rb7 
    {[%clk 0:17:12]}
36. Qa1 
    {[%clk 0:05:43]}
36. ... Nf5 
    {[%clk 0:16:39]}
0-1

[Event "N1 Reykjavik Open 2014"]
[Site "Reykjavik, Iceland"]
[Date "2014.03.12"]
[Round "10.14"]
[White "Porper, Edward"]
[Black "Ramirez, Alejandro"]
[Result "0-1"]
[WhiteElo "2427"]
[BlackElo "2599"]
[LiveChessVersion "1.4.2"]

1. Nf3 
    {[%clk 1:30:56]}
1. ... b5 
    {[%clk 1:30:39]}
2. d4 
    {[%clk 1:28:49]}
2. ... Bb7 
    {[%clk 1:30:18]}
3. e3 
    {[%clk 1:28:23]}
3. ... a6 
    {[%clk 1:30:43]}
4. a4 
    {[%clk 1:27:04]}
4. ... b4 
    {[%clk 1:30:25]}
5. a5 
    {[%clk 1:25:17]}
5. ... e6 
    {[%clk 1:29:06]}
6. c3 
    {[%clk 1:19:59]}
6. ... Nf6 
    {[%clk 1:20:01]}
7. Be2 
    {[%clk 1:19:12]}
7. ... c5 
    {[%clk 1:19:49]}
8. cxb4 
    {[%clk 1:13:50]}
8. ... cxd4 
    {[%clk 1:16:49]}
9. Nxd4 
    {[%clk 1:10:35]}
9. ... Bxg2 
    {[%clk 1:14:34]}
10. Rg1 
    {[%clk 1:10:49]}
10. ... Bb7 
    {[%clk 1:13:58]}
11. Bf3 
    {[%clk 1:05:29]}
11. ... Qc7 
    {[%clk 1:11:19]}
12. Bd2 
    {[%clk 0:58:18]}
12. ... Qxh2 
    {[%clk 1:01:58]}
13. Rh1 
    {[%clk 0:56:50]}
13. ... Qc7 
    {[%clk 1:02:07]}
14. b5 
    {[%clk 0:56:52]}
14. ... d5 
    {[%clk 0:57:34]}
15. b6 
    {[%clk 0:50:40]}
15. ... Qd7 
    {[%clk 0:56:52]}
16. Rg1 
    {[%clk 0:48:27]}
16. ... e5 
    {[%clk 0:54:00]}
17. Nb3 
    {[%clk 0:48:19]}
17. ... Nc6 
    {[%clk 0:52:34]}
18. Na3 
    {[%clk 0:46:45]}
18. ... Ne4 
    {[%clk 0:42:06]}
19. Bxe4 
    {[%clk 0:27:38]}
19. ... dxe4 
    {[%clk 0:40:14]}
20. Rc1 
    {[%clk 0:28:01]}
20. ... Nb4 
    {[%clk 0:35:48]}
21. Rc7 
    {[%clk 0:26:16]}
21. ... Nd3+ 
    {[%clk 0:36:09]}
22. Kf1 
    {[%clk 0:26:14]}
22. ... Qh3+ 
    {[%clk 0:25:56]}
23. Rg2 
    {[%clk 0:26:39]}
23. ... Qh1+ 
    {[%clk 0:26:16]}
24. Rg1 
    {[%clk 0:27:07]}
24. ... Qh3+ 
    {[%clk 0:26:41]}
25. Rg2 
    {[%clk 0:27:30]}
25. ... Bd5 
    {[%clk 0:24:22]}
26. Nc4 
    {[%clk 0:24:04]}
26. ... Qh1+ 
    {[%clk 0:23:12]}
27. Rg1 
    {[%clk 0:22:22]}
27. ... Qh3+ 
    {[%clk 0:23:35]}
28. Rg2 
    {[%clk 0:22:51]}
28. ... Bxc4 
    {[%clk 0:17:54]}
29. Rxc4 
    {[%clk 0:23:14]}
29. ... Qh1+ 
    {[%clk 0:18:10]}
30. Rg1 
    {[%clk 0:23:43]}
30. ... Qh3+ 
    {[%clk 0:18:36]}
31. Rg2 
    {[%clk 0:24:12]}
31. ... Nxb2 
    {[%clk 0:18:14]}
32. Qc2 
    {[%clk 0:23:59]}
32. ... Nxc4 
    {[%clk 0:18:37]}
33. Qxc4 
    {[%clk 0:24:27]}
33. ... Qd7 
    {[%clk 0:14:43]}
34. Qxe4 
    {[%clk 0:22:34]}
34. ... Qb5+ 
    {[%clk 0:15:06]}
35. Kg1 
    {[%clk 0:22:56]}
35. ... Rd8 
    {[%clk 0:15:17]}
36. Qc2 
    {[%clk 0:17:54]}
36. ... g6 
    {[%clk 0:12:48]}
37. Rg4 
    {[%clk 0:13:46]}
37. ... Be7 
    {[%clk 0:12:15]}
38. Qc4 
    {[%clk 0:13:45]}
38. ... Qd7 
    {[%clk 0:07:12]}
39. Re4 
    {[%clk 0:07:47]}
39. ... Qb7 
    {[%clk 0:06:26]}
40. Rxe5 
    {[%clk 0:37:04]}
40. ... O-O 
    {[%clk 0:35:49]}
41. Qe4 
    {[%clk 0:32:52]}
41. ... Qxe4 
    {[%clk 0:30:51]}
42. Rxe4 
    {[%clk 0:33:21]}
42. ... Bd6 
    {[%clk 0:25:15]}
43. Bb4 
    {[%clk 0:31:26]}
43. ... Bxb4 
    {[%clk 0:22:00]}
44. Rxb4 
    {[%clk 0:31:37]}
44. ... Rd1+ 
    {[%clk 0:21:55]}
45. Kg2 
    {[%clk 0:31:45]}
45. ... Rb1 
    {[%clk 0:22:23]}
46. Kg3 
    {[%clk 0:27:47]}
46. ... h5 
    {[%clk 0:22:24]}
47. f4 
    {[%clk 0:23:47]}
47. ... Kg7 
    {[%clk 0:22:11]}
48. f5 
    {[%clk 0:21:55]}
48. ... g5 
    {[%clk 0:19:47]}
49. Kf3 
    {[%clk 0:16:07]}
49. ... Rh8 
    {[%clk 0:16:56]}
50. b7 
    {[%clk 0:14:26]}
50. ... Rb8 
    {[%clk 0:11:09]}
51. Rb6 
    {[%clk 0:14:43]}
51. ... Rb2 
    {[%clk 0:11:01]}
52. Ke4 
    {[%clk 0:13:08]}
52. ... h4 
    {[%clk 0:11:00]}
53. Nc5 
    {[%clk 0:11:44]}
53. ... Rxb6 
    {[%clk 0:11:08]}
54. axb6 
    {[%clk 0:12:13]}
54. ... f6 
    {[%clk 0:09:47]}
55. Kf3 
    {[%clk 0:10:29]}
55. ... a5 
    {[%clk 0:09:24]}
0-1